000 00598nam a2200193 a 4500
001 000014844
005 20240430192052.0
008 100122s2002 mx 000 0 spa d
020 _a9682323894
040 _aDO-SdBNP
_bspa
_cBNPHU
082 _a303.49
_bC551g
100 1 _aChossudovsky, Michel,
_d1914-2006
_933636
245 1 0 _aGuerra y globalización :
_bantes y después del xi / ix / mmi /
_cMichel Chossudovsky.
260 _aMéxico :
_bSiglo XXI,
_c2002.
300 _a142, [1] p. ;
_c21 cm.
650 0 _aTerrorismo
_93230
650 4 _aTerrorismo
_zEstados Unidos
_931069
049 _aBNGR
999 _c14424
_d14424